• 首页
  • 本馆介绍
  • 公告通知
  • 最新文献
  • 馆藏检索
  • 电子资源
  • 读者导购
  • 参考咨询
  • 我的图书馆
  • 登录
  • 详细信息显示
  • 放入我的书架
  • 预约/预借图书
  • 作者相关作品
  • 分类相关作品
  • 丛书相关作品
  • 出版社相关作品

书目信息

  • 表格格式
  • 工作单格式
  • 卡片格式
题名:
初等数学
    
 
作者: ;北京市高等院校数学教材编写组 编
分册:  
出版信息: 北京   人民教育出版社  1973.06
页数: 210页
开本: 20cm
丛书名:
单 册:
中图分类: O123.3
科图分类:
主题词: 初等数学
电子资源:
ISBN:
000 00632nam0 2200205 45
001 0210151488
005 20070801135356.81
010    @dCNY0.60
091    @a13012.02
100    @a20021015d1973 km y0chiy0120 ea
101 0  @achi
200 1  @a初等数学@AChu Deng Shu Xue@f北京市高等院校数学教材编写组编@FBei Jing Shi Gao Deng Yuan Xiao Shu Xue Jiao Cai Bian Xie Zu Bian
210    @a北京@c人民教育出版社@d1973.06
215    @a210页@d20cm
300    @a高等学校理工工科补习试用教材
606 0  @a初等数学
690    @aO123.3@v3
711 02 @a北京市高等院校数学教材编写组@4编
801    @aCN@bTSTC@c20070801
905    @f1@b6627@dO123.3@e2
    
    初等数学/北京市高等院校数学教材编写组编.-北京:人民教育出版社,1973.06
    210页;20cm
    高等学校理工工科补习试用教材
    
    ISBN :CNY0.60
    
●
相关链接 在E读中查询图书 在五车中查询图书 在当当中查询图书 在豆瓣中查询图书


正题名:初等数学     索取号:O123.3/2         预约/预借

序号 登录号 条形码 馆藏地/架位号 状态 备注
1 0006627   001715415   密集书库/ [索取号:O123.3/2] 在馆    
2 0790933   207909334   密集书库/ [索取号:O123.3/2] 在馆    
3 0790934   207909343   密集书库/ [索取号:O123.3/2] 在馆    
唐山师范学院图书馆 欢迎您!
大连网信软件有限公司© 版权所有